[Event "Barbera del Valles op 38th"]
[Site "Barbera del Valles"]
[Date "2015.07.09"]
[Round "6"]
[White "Jul Perez, Alberto"]
[Black "Coll Enriquez, Lluis"]
[Result "0-1"]
[WhiteElo "1870"]
[BlackElo "2177"]
[PlyCount "100"]
[EventDate "2015.07.04"]
[EventType "swiss"]
[EventRounds "9"]
[EventCountry "ESP"]
[SourceTitle "CBM 167 Extra"]
[Source "ChessBase"]
[SourceDate "2015.09.14"]
[SourceVersion "1"]
[SourceVersionDate "2015.09.14"]
[SourceQuality "1"]

1. e4 e5 2. Nf3 d6 3. d4 Nd7 4. Bc4 c6 5. 0-0 Be7 6. dxe5 dxe5 7. Ng5 Bxg5 8. Qh5 Qe7 9. Qxg5 Ngf6 10. Qe3 b5 11. Be2 0-0 12. Nd2 Nc5 13. f3 Ne6 14. c3 a5 15. Rd1 Nh5 16. Nf1 Nef4 17. Qf2 Be6 18. Ng3 Rad8 19. Be3 Nxe2+ 20. Nxe2 Rxd1+ 21. Rxd1 Rd8 22. Rxd8+ Qxd8 23. Nc1 Nf4 24. Qd2 Qc7 25. Bc5 a4 26. Qd6 Qxd6 27. Bxd6 f6 28. g3 Nh3+ 29. Kg2 Ng5 30. a3 Bh3+ 31. Kf2 Bg4 32. h4 Nxf3 33. Ke3 Nh2 34. Kf2 Bd1 35. Na2 Ng4+ 36. Kg2 Ne3+ 37. Kf2 Nc4 38. Bc5 Bc2 39. Kf3 Nd2+ 40. Ke3 Nxe4 41. Nb4 Bb1 42. Bb6 Nxg3 43. Nxc6 Nf5+ 44. Ke2 Nxh4 45. Na7 e4 46. Ke3 Nf5+ 47. Kf4 Nd6 48. Bc5 g5+ 49. Kg3 Nc4 50. Nxb5 h5 0-1

[Event "Barbera del Valles op 38th"]
[Site "Barbera del Valles"]
[Date "2015.07.07"]
[Round "4"]
[White "Coll Enriquez, Lluis"]
[Black "Konguvel, Ponnuswamy"]
[Result "1/2-1/2"]
[WhiteElo "2177"]
[BlackElo "2337"]
[PlyCount "93"]
[EventDate "2015.07.04"]
[EventType "swiss"]
[EventRounds "9"]
[EventCountry "ESP"]
[SourceTitle "CBM 167 Extra"]
[Source "ChessBase"]
[SourceDate "2015.09.14"]
[SourceVersion "1"]
[SourceVersionDate "2015.09.14"]
[SourceQuality "1"]

1. e4 c5 2. Nc3 Nc6 3. g3 g6 4. Bg2 Bg7 5. d3 d6 6. Be3 Rb8 7. Qd2 b5 8. h3 e6 9. f4 Nge7 10. Nge2 b4 11. Nd1 0-0 12. g4 f5 13. g5 Nd4 14. Ng3 e5 15. c3 bxc3 16. bxc3 fxe4 17. Nxe4 exf4 18. Bxf4 Nc2+ 19. Qxc2 Rxf4 20. Rf1 Rxf1+ 21. Kxf1 Nf5 22. Rb1 Be6 23. Kg1 Rb6 24. Rb2 Nh4 25. Qa4 Rxb2 26. Nxb2 Nxg2 27. Kxg2 d5 28. Qc6 Bxh3+ 29. Kxh3 dxe4 30. Qe6+ Kh8 31. Qxe4 Bxc3 32. Nc4 Qxg5 33. Qa8+ Kg7 34. Qxa7+ Kh6 35. Qf7 Bf6 36. Qe6 Qf4 37. Qe3 Qxe3+ 38. Nxe3 Kg5 39. a4 Bd8 40. Nc4 Kf4 41. a5 Bxa5 42. Nxa5 Ke3 43. Nb7 Kd4 44. Kg4 h6 45. Kh4 h5 46. Kg5 Kxd3 47. Nxc5+ 1/2-1/2

[Event "Barbera del Valles op 38th"]
[Site "Barbera del Valles"]
[Date "2015.07.04"]
[Round "1"]
[White "Coll Enriquez, Lluis"]
[Black "Oliva Castaneda, Kevel"]
[Result "0-1"]
[WhiteElo "2177"]
[BlackElo "2488"]
[PlyCount "77"]
[EventDate "2015.07.04"]
[EventType "swiss"]
[EventRounds "9"]
[EventCountry "ESP"]
[SourceTitle "CBM 167 Extra"]
[Source "ChessBase"]
[SourceDate "2015.09.14"]
[SourceVersion "1"]
[SourceVersionDate "2015.09.14"]
[SourceQuality "1"]

1. e4 c5 2. Nc3 a6 3. g3 b5 4. a3 Bb7 5. Bg2 e6 6. Nh3 Ne7 7. 0-0 d5 8. d3 d4 9. Ne2 Nd7 10. f4 Qb6 11. Bd2 f6 12. Qe1 Rc8 13. Ba5 Qa7 14. Qf2 Nc6 15. Bd2 c4 16. Rae1 Be7 17. Kh1 cxd3 18. cxd3 Nc5 19. Nc1 a5 20. Qf3 0-0 21. Qh5 b4 22. g4 bxa3 23. bxa3 Ba6 24. Nf2 Nd7 25. g5 fxg5 26. Bh3 Nc5 27. fxg5 g6 28. Qe2 Ne5 29. Bxa5 Nf3 30. Rd1 Qb8 31. Ng4 Nxg5 32. Bg2 Ncxe4 33. Kg1 Rxf1+ 34. Rxf1 Qb1 35. Bxe4 Rxc1 36. Be1 Rc2 37. Bd2 Qa2 38. Nh6+ Kg7 39. Bxg5 0-1

[Event "Manresa op 31st"]
[Site "Manresa"]
[Date "2014.11.08"]
[Round "7"]
[White "Masachs Vendrell, Francesco"]
[Black "Coll Enriquez, Lluis"]
[Result "1/2-1/2"]
[WhiteElo "2102"]
[BlackElo "2282"]
[PlyCount "59"]
[EventDate "2014.09.20"]
[EventType "swiss"]
[EventRounds "8"]
[EventCountry "ESP"]
[SourceTitle "EXT 2016"]
[Source "ChessBase"]
[SourceDate "2015.10.08"]
[SourceVersion "1"]
[SourceVersionDate "2015.10.08"]
[SourceQuality "1"]

1. d4 Nf6 2. Nc3 d5 3. e4 dxe4 4. f3 exf3 5. Qxf3 Qxd4 6. Be3 Qb4 7. 0-0-0 c6 8. Rd4 Qa5 9. Ra4 Qc7 10. Bxa7 Bg4 11. Bxb8 Qxb8 12. Rxg4 Nxg4 13. Qxg4 g6 14. Qd4 Bh6+ 15. Kb1 0-0 16. Bc4 b5 17. Bb3 b4 18. Qh4 Bg7 19. Nd1 Bf6 20. Qc4 Qb6 21. Nf3 Ra5 22. Qe4 e6 23. Ne3 Ra7 24. Ng4 Bg7 25. Nfe5 Rc7 26. Qf4 Rd8 27. Nxf7 Rd4 28. Nfh6+ Kh8 29. Qf1 Rxg4 30. Nxg4 1/2-1/2

[Event "Moia MC"]
[Site "Moia"]
[Date "2014.10.03"]
[Round "3"]
[White "Simon del Sol, Jaume"]
[Black "Coll Enriquez, Lluis"]
[Result "0-1"]
[WhiteElo "1949"]
[BlackElo "2193"]
[PlyCount "54"]
[EventDate "2014.09.19"]
[EventType "tourn"]
[EventRounds "9"]
[EventCountry "ESP"]
[SourceTitle "EXT 2016"]
[Source "ChessBase"]
[SourceDate "2015.10.08"]
[SourceVersion "1"]
[SourceVersionDate "2015.10.08"]
[SourceQuality "1"]

1. e4 e5 2. Nf3 d6 3. d4 Nd7 4. Bc4 c6 5. 0-0 Be7 6. dxe5 dxe5 7. Qe2 b5 8. Bb3 Ngf6 9. a4 bxa4 10. Bxa4 Qc7 11. b3 0-0 12. Bb2 a5 13. Nbd2 Ba6 14. Nc4 Rfe8 15. Bc3 Bb4 16. Bxb4 axb4 17. Nfd2 Nc5 18. f3 Ne6 19. Rac1 Nd4 20. Qf2 Nh5 21. g3 Nf6 22. Rfe1 Rad8 23. Ne3 Bb5 24. Ra1 Re7 25. Ndc4 Rde8 26. Nb2 Qb6 27. Nec4 Nxf3+ 0-1

[Event "ESP-ch Seniors 11th"]
[Site "Alicante"]
[Date "2013.10.??"]
[Round "4.7"]
[White "Coll Enriquez, Lluis"]
[Black "Mayer Schwartz, Rene"]
[Result "1-0"]
[WhiteElo "2192"]
[BlackElo "2010"]
[PlyCount "60"]
[EventDate "2013.10.05"]
[EventType "swiss"]
[EventRounds "9"]
[EventCountry "ESP"]
[SourceTitle "EXT 2024"]
[Source "ChessBase"]
[SourceDate "2023.10.10"]
[SourceVersion "1"]
[SourceVersionDate "2023.10.10"]
[SourceQuality "1"]

1. e4 e5 2. Nf3 Nc6 3. Bb5 Bc5 4. 0-0 Qf6 5. c3 Nge7 6. d4 exd4 7. Bg5 Qg6 8. Bxe7 Bxe7 9. cxd4 a6 10. Bd3 d6 11. e5 Qh5 12. exd6 cxd6 13. Re1 0-0 14. Nc3 Bf6 15. Be4 g6 16. Rc1 Bg7 17. a3 Bg4 18. h3 Bxf3 19. Bxf3 Qa5 20. Ne2 Qb6 21. b4 Nxd4 22. Nxd4 Bxd4 23. Re7 Bxf2+ 24. Kh1 Rae8 25. Rcc7 Rxe7 26. Rxe7 Qd8 27. Qe2 Bh4 28. Rxb7 Re8 29. Qc4 Re7 30. Qxh4 Re8 1-0

[Event "ESP-ch Seniors 11th"]
[Site "Alicante"]
[Date "2013.10.??"]
[Round "1.9"]
[White "Coll Enriquez, Lluis"]
[Black "Zotes Flecha, Luis"]
[Result "1-0"]
[WhiteElo "2192"]
[BlackElo "1868"]
[PlyCount "65"]
[EventDate "2013.10.05"]
[EventType "swiss"]
[EventRounds "9"]
[EventCountry "ESP"]
[SourceTitle "EXT 2024"]
[Source "ChessBase"]
[SourceDate "2023.10.10"]
[SourceVersion "1"]
[SourceVersionDate "2023.10.10"]
[SourceQuality "1"]

1. e4 g6 2. d4 Bg7 3. c4 c5 4. Nf3 cxd4 5. Nxd4 Nc6 6. Be3 d6 7. Nc3 Nf6 8. Be2 0-0 9. 0-0 Bd7 10. h3 a6 11. Qd2 Rc8 12. Rad1 Ne5 13. b3 Qa5 14. Nd5 Qd8 15. Nxf6+ Bxf6 16. f4 Nc6 17. Nf3 Nb8 18. e5 dxe5 19. fxe5 Bg7 20. Bh6 Qb6+ 21. Kh1 Rcd8 22. Bxg7 Kxg7 23. Qc3 e6 24. Rd6 Nc6 25. Rfd1 Bc8 26. c5 Qc7 27. Ng5 Ne7 28. Ne4 Nd5 29. Qd4 Qe7 30. Nf6 Qc7 31. Bf3 Qa5 32. Nxd5 exd5 33. e6+ 1-0

[Event "Catalunya-ch Seniors"]
[Site "Santa Susanna"]
[Date "2013.05.12"]
[Round "9"]
[White "Monedero Gonzalez, Josep"]
[Black "Coll Enriquez, Lluis"]
[Result "1/2-1/2"]
[WhiteElo "2070"]
[BlackElo "2170"]
[PlyCount "22"]
[EventDate "2013.05.04"]
[EventType "swiss"]
[EventRounds "9"]
[EventCountry "ESP"]
[SourceTitle "CBM 154 Extra"]
[Source "ChessBase"]
[SourceDate "2013.06.25"]
[SourceVersion "2"]
[SourceVersionDate "2013.06.25"]
[SourceQuality "1"]

1. d4 Nf6 2. Nf3 e6 3. c3 d5 4. a3 Be7 5. Bf4 Nh5 6. Be5 f6 7. Bg3 Nxg3 8. hxg3 c5 9. dxc5 Bxc5 10. Qd3 f5 11. Qb5+ Nd7 1/2-1/2

[Event "Sitges op 38th"]
[Site "Sitges"]
[Date "2012.07.21"]
[Round "2"]
[White "Coll Enriquez, Lluis"]
[Black "Rodriguez Garcia, Victor"]
[Result "1/2-1/2"]
[WhiteElo "2160"]
[BlackElo "2383"]
[PlyCount "92"]
[EventDate "2012.07.20"]
[EventType "swiss"]
[EventRounds "9"]
[EventCountry "ESP"]
[SourceTitle "CBM 149 Extra"]
[Source "ChessBase"]
[SourceDate "2012.08.24"]
[SourceVersion "1"]
[SourceVersionDate "2012.08.24"]
[SourceQuality "1"]

1. e4 c5 2. Nc3 Nc6 3. g3 g6 4. Bg2 Bg7 5. d3 d6 6. Be3 Nd4 7. Qd2 e6 8. Nd1 Rb8 9. c3 Nc6 10. Ne2 b6 11. 0-0 Nge7 12. f4 0-0 13. d4 Bb7 14. Nf2 Na5 15. b3 Qc7 16. Rac1 f5 17. Rfd1 Rbd8 18. c4 fxe4 19. Nxe4 Nf5 20. Bf2 Nc6 21. d5 Ncd4 22. N2c3 e5 23. g4 Nh6 24. fxe5 dxe5 25. h3 Nf7 26. Bh4 Bh6 27. g5 Bg7 28. Bf2 Nd6 29. Nxd6 Qxd6 30. Ne4 Qe7 31. Qe3 Rf7 32. Rf1 Rdf8 33. Bg3 Nf5 34. Qd3 Bc8 35. Rc2 Qd8 36. Rcf2 Nd4 37. Rxf7 Rxf7 38. Rxf7 Kxf7 39. Bf2 Bf5 40. Bxd4 exd4 41. Qg3 Bxe4 42. Bxe4 Ke7 43. Qg4 Qd6 44. Kg2 Qe5 45. Bd3 Kd6 46. Qg3 Ke7 1/2-1/2

[Event "ESP-ch Seniors 27th"]
[Site "Santa Susanna"]
[Date "2011.05.18"]
[Round "6"]
[White "Monedero Gonzalez, Josep"]
[Black "Coll Enriquez, Lluis"]
[Result "1-0"]
[WhiteElo "2091"]
[BlackElo "2182"]
[PlyCount "97"]
[EventDate "2011.05.13"]
[EventType "swiss"]
[EventRounds "9"]
[EventCountry "ESP"]
[SourceTitle "CBM 142 Extra"]
[Source "ChessBase"]
[SourceDate "2011.06.27"]
[SourceVersion "1"]
[SourceVersionDate "2011.06.27"]
[SourceQuality "1"]

1. d4 Nf6 2. Nf3 b6 3. e3 Bb7 4. Bd3 d6 5. b3 g6 6. Bb2 Bg7 7. Nbd2 0-0 8. Qe2 Nbd7 9. c4 e5 10. d5 Qe7 11. e4 Nc5 12. Bc2 a5 13. a3 Bc8 14. b4 Na6 15. Bc3 axb4 16. axb4 Bd7 17. 0-0 Nh5 18. g3 Bg4 19. c5 dxc5 20. Rxa6 cxb4 21. Bb2 Qc5 22. Bb3 Bh6 23. Qd3 Bxd2 24. Nxd2 Rxa6 25. Qxa6 Qd6 26. Qd3 Bd7 27. Rc1 b5 28. Qe3 Nf6 29. Qc5 Ne8 30. Nf3 f6 31. Ne1 Bg4 32. Qxd6 cxd6 33. f3 Bd7 34. Nd3 f5 35. Nxb4 fxe4 36. fxe4 Rf3 37. Rc3 Bg4 38. Kg2 Rf8 39. Re3 h5 40. h3 Bd7 41. Nc6 Nf6 42. Ba3 Bxh3+ 43. Kxh3 Ng4 44. Re2 Rf3 45. Rb2 h4 46. Bxd6 Ne3 47. Nxe5 Rf1 48. Kh2 g5 49. Bc5 1-0

[Event "ESP-ch Seniors 27th"]
[Site "Santa Susanna"]
[Date "2011.05.14"]
[Round "2"]
[White "Coll Enriquez, Lluis"]
[Black "Sanz Bastos, Fernando"]
[Result "1-0"]
[WhiteElo "2182"]
[BlackElo "2072"]
[PlyCount "79"]
[EventDate "2011.05.13"]
[EventType "swiss"]
[EventRounds "9"]
[EventCountry "ESP"]
[SourceTitle "CBM 142 Extra"]
[Source "ChessBase"]
[SourceDate "2011.06.27"]
[SourceVersion "1"]
[SourceVersionDate "2011.06.27"]
[SourceQuality "1"]

1. e4 e5 2. d3 d5 3. Nd2 Nf6 4. Be2 Nc6 5. c3 Bc5 6. Ngf3 dxe4 7. dxe4 a5 8. 0-0 0-0 9. Qc2 Bg4 10. Nc4 Qe7 11. Bg5 h6 12. Be3 Bxf3 13. Bxf3 b5 14. Bxc5 Qxc5 15. Ne3 Rad8 16. Rac1 Qb6 17. Rfe1 Ne7 18. Red1 c5 19. a4 b4 20. Nc4 b3 21. Nxb6 bxc2 22. Re1 Rd2 23. Nc4 Rfd8 24. Nxd2 Rxd2 25. g3 g5 26. h3 h5 27. Bg2 h4 28. Bf1 hxg3 29. fxg3 Nh5 30. Re2 Rxe2 31. Bxe2 Nxg3 32. Bd3 f5 33. Kg2 f4 34. Kf3 Kg7 35. Bxc2 Ng6 36. b4 cxb4 37. cxb4 Nh4+ 38. Kf2 axb4 39. a5 b3 40. Bb1 1-0

[Event "EU-chT Seniors"]
[Site "Thessaloniki"]
[Date "2011.05.11"]
[Round "9"]
[White "Coll Enriquez, Lluis"]
[Black "Svensson, Soren"]
[Result "1-0"]
[WhiteElo "2182"]
[BlackElo "2109"]
[PlyCount "65"]
[EventDate "2011.05.03"]
[EventType "team-swiss"]
[EventRounds "9"]
[EventCountry "GRE"]
[SourceTitle "CBM 142 Extra"]
[Source "ChessBase"]
[SourceDate "2011.06.27"]
[SourceVersion "1"]
[SourceVersionDate "2011.06.27"]
[SourceQuality "1"]
[WhiteTeam "Catalunya"]
[BlackTeam "Sweden"]
[WhiteTeamCountry "CAT"]
[BlackTeamCountry "SWE"]

1. e4 e5 2. d4 exd4 3. Qxd4 Nc6 4. Qe3 Bb4+ 5. c3 Ba5 6. Qg3 Qf6 7. Nf3 d6 8. Bb5 Bd7 9. 0-0 Qg6 10. Qh4 f6 11. Nbd2 Nge7 12. b4 Bb6 13. Nc4 0-0-0 14. a4 a6 15. Nxb6+ cxb6 16. Bc4 Ne5 17. Nxe5 dxe5 18. Be3 Kc7 19. a5 Nc8 20. f3 Rhf8 21. Qf2 f5 22. Bd5 f4 23. Bxb6+ Nxb6 24. Qc5+ Kb8 25. axb6 Rc8 26. Qa5 Bc6 27. Bc4 Rce8 28. b5 Bxe4 29. bxa6 Bc6 30. axb7 Bxb7 31. Bd5 Kc8 32. Bxb7+ Kxb7 33. Qd5+ 1-0